000 00542nam a2200193Ia 4500
008 131103s9999 xx 000 0 und d
040 _aLoreto College
041 _aEnglish
082 _a510.7/LOV
_bLCBED/3445
100 _aLovell, K.
245 4 _aThe growth of basic mathematical and scientific concepts in children
_cK. Lovell
260 _aLondon
_bUniversity of London
_c[19?]
300 _a158p.
_c 21cm.
440 _aUnibooks
504 _aIncludes index
650 _aMathematics
850 _aLCBED/510.7/LOV
942 _cBK
999 _c28313
_d78792